Представление документа в формате RUSMARC

ПолеНазваниеЗначение
  Тип записи a
  Библиографический уровень m
001 Контрольный номер UONB/MAIN/85785bece73d46f2bdf59c9779e6093d
005 Дата корректировки 20260409152627.7
010 Индекс ISBN __
b Уточнения в пер.
d Цена 95 к.
9 Тираж 32000 экз.
100 Данные общей обработки __
a Данные общей обработки 20260409d1987 u y0rusy0189 ca
101 Язык документа 0_
a Язык текста rus
102 Страна публикации __
a Страна публикации RU
105 Кодированные данные (монография) __
a Кодированные данные (монография) a z 001yy
200 Заглавие и сведения об ответственности 1_
a Заглавие Взаимозаменяемость, стандартизация и технические измерения
e Сведения, относящиеся к заглавию по специальности "Механизация сельского хозяйства", "Сельское хозяйство" и "Механизация гидромелиоративных работ"
f Первые сведения об ответственности И. С. Серый
203 Вид содержания и тип средства __
a Вид содержания Текст
b Характеристика содержания визуальный
c Тип средства непосредственный
205 Сведения об издании __
a Основные сведения об издании 2-е изд., испр. и доп.
210 Выходные данные 1_
a Место издания Москва
c Издательство Агропромиздат
d Дата издания 1987
215 Физическое описание __
a Объем 366, [1] с.
c Иллюстрации/тип воспроизводства ил.
d Формат 21 см
225 Серия 1_
a Серия Учебники и учебные пособия для студентов вузов
320 Библиография __
a Библиография Библиогр.: с. 360
320 Библиография __
a Библиография Предм. указ.: с. 361-363
606 Тематические рубрики 0_
a Основная рубрика Взаимозаменяемость в машиностроении
j Формальный подзаголовок Учебники и пособия
606 Тематические рубрики 0_
a Основная рубрика Стандартизация
j Формальный подзаголовок Учебники и пособия
606 Тематические рубрики 0_
a Основная рубрика Технические измерения
j Формальный подзаголовок Учебники и пособия
610 Ключевые слова 0_
a Ключевые слова стандартизация
610 Ключевые слова 0_
a Ключевые слова технические измерения
610 Ключевые слова 0_
a Ключевые слова учебники
675 Индекс УДК __
a Индекс УДК 6П5.25(075)
686 Индексы других классификаций __
a Классификационный индекс 40.72я7
2 Код системы rubbk
700 Автор _1
a Фамилия Серый
b Имя (инициалы) И. С.
g Полное личное имя Игорь Сергеевич
801 Источник записи _0
a Страна RU
b Организация Ульяновская ОНБ
c Дата составления 20260409
g Правила каталогизации RCR
801 Источник записи _1
a Страна RU
b Организация Ульяновская ОНБ
c Дата составления 20260409
g Правила каталогизации RCR
901 Тип документа __
t Тип документа m
909 Создатель записи __
a Создатель записи Желонина
b Дата создания записи 20260409